000 00413nam a2200169Ia 4500
008 210210b1959 xxu||||| |||| 00| 0 eng d
041 _aeng
082 _a825/67
100 _aBEAVER (Harold) Ed
245 _aAmerican critical essays
260 _aLondon
_bOxford University Press
_c1959
650 _aessays
650 _acritical
650 _aAmerican
690 _aEnglish Criticism
906 _a014385
999 _c133555
_d133555